|
|
|
|
| LEADER |
00657cam a2200205 7i4500 |
| 001 |
0000003256 |
| 005 |
20170218090000.0 |
| 020 |
|
|
|a 0130910503 (pbk.)
|
| 020 |
|
|
|a 9780130910509
|
| 090 |
0 |
0 |
|a HC51
|b .H45 2002
|
| 100 |
1 |
|
|a Heilbroner, Robert L
|
| 245 |
1 |
4 |
|a The making of economic society
|c Robert Heilbroner and William Milberg.
|
| 250 |
|
|
|a 11th ed.
|
| 260 |
|
|
|a Upper Saddle River:
|b Prentice Hall,
|c 2002.
|
| 300 |
|
|
|a xviii, 206 p.:
|b ill.;
|c 24 cm.
|
| 500 |
|
|
|a Includes index
|
| 650 |
0 |
0 |
|a Economic history
|
| 700 |
1 |
|
|a Milberg, William S
|
| 997 |
|
|
|a Business & Accountancy, Faculty
|
| 999 |
|
|
|a 0000009889
|b BOK
|c OPEN SHELF
|e 1st Floor, Bestari Jaya
|